Fill in the 'D' Words Quiz Stats

 Plays Quiz Updated Feb 20, 2019

Support Sporcle.
Go Orange.
Score 0/100 Timer 06:00
1 Play Today
Clue D-word % Correct
Moby ____
Herman Melville novel
Dick
90.3%
The _____ of Anne Frank
Holocaust book, movie
Diary
89.9%
The Hunchback of Notre ____
Victor Hugo book
Dame
89.7%
Dumb & ______
Jim Carrey movie
Dumber
89%
Walt ______ World
Orlando theme park
Disney
88.5%
Million ______ Baby
Hilary Swank movie
Dollar
88.4%
The _____ Wears Prada
Meryl Streep movie
Devil
88.2%
____ Side of the Moon
Pink Floyd album
Dark
87.5%
Dick Van ____
Actor, comedian: 'Mary Poppins'
Dyke
86.5%
Taxi ______
Robert De Niro movie
Driver
85.8%
_____ Day Care
Eddie Murphy movie
Daddy
85.8%
______ Radcliffe
'Harry Potter' actor
Daniel
85.6%
Charles _______
Author: 'A Christmas Carol', 'Great Expectations'
Dickens
84.8%
__ The Right Thing
Spike Lee movie
Do
84.1%
Big Girls ____ Cry
Fergie or Four Seasons song
Don't
84.1%
Céline ____
'My Heart Will Go On' singer
Dion
83.9%
Snoop ____
Drop It Like It's Hot rapper
Dogg
83.1%
_______ Queen
ABBA classic
Dancing
82.6%
Yankee ______ Dandy
1942 James Cagney film
Doodle
82.6%
_____ Parton
Country singer, actress
Dolly
82.5%
_______'s Child
Beyoncé, Michelle Williams & Kelly Rowland
Destiny
82.4%
_____ Harry
1971 movie, Clint Eastwood
Dirty
82%
____ Moore
Actress, 'Ghost'
Demi
81.4%
Field of ______
Kevin Costner movie
Dreams
81.3%
Dog ___ Afternoon
1976 Al Pacino movie
Day
81.1%
Guys and _____
1950 Broadway musical
Dolls
80.7%
____ of a Salesman
Arthur Miller play
Death
80.5%
____ of the Dead
1978 horror film
Dawn
79.7%
Neil _______
'Sweet Caroline' singer
Diamond
79.6%
___ Leppard
'Pour Some Sugar On Me' band
Def
79.3%
In __ Club
50 Cent track
Da
79%
_____ Keaton
Actress: 'Annie Hall'
Diane
78.9%
Guess Who's Coming to ______
1967 Hepburn/Tracy/Poitier movie
Dinner
78.9%
__ Strangelove:
Or How I Learned To Stop Worrying and Love the Bomb
Dr
78.6%
Clue D-word % Correct
How To Train Your ______
2010 animated film
Dragon
78.1%
Signed, Sealed, _________ (I'm Yours)
Stevie Wonder song
Delivered
77.9%
_____ Chicks
Female country music trio
Dixie
77.1%
A Streetcar Named ______
Tennessee Williams play
Desire
76.8%
_____ Letterman
'The Late Show' TV host
David
75.9%
____ Under
Men At Work song
Down
74.9%
The Walking ____
Horror comic & AMC-TV series
Dead
74.5%
Punch-_____ Love
Adam Sandler movie
Drunk
74.4%
____ Martin
Rat Pack singer & actor
Dean
74.2%
The Little _______ Boy
Christmas carol
Drummer
74%
____ John
Channing Tatum chick flick
Dear
73.8%
_________ Housewives
TV series, 2004-12
Desperate
73.5%
_____ Ross & the Supremes
'You Can't Hurry Love' singers
Diana
73%
______ Trump
'The Celebrity Apprentice' host and 45th US President
Donald
71.9%
Rolling In The ____
Adele song
Deep
70.9%
Arthur Conan _____
Sherlock Holmes author
Doyle
70.9%
The _____ Of Hazzard
TV series & movie
Dukes
70.7%
Bette _____
Actress: 'All About Eve'
Davis
69.7%
Steely ___
70s band, 'Reeling In the Years'
Dan
69.6%
Arrested ___________
Michael Cera sitcom
Development
68.9%
The Dirty _____
1967 WW2 film, Lee Marvin
Dozen
68.1%
Bob _____
Singer: 'Like a Rolling Stone', 'Blowing in the Wind'
Dylan
68%
____ Yankees
Broadway musical
Damn
67.9%
Coal Miner's ________
Sissy Spacek movie
Daughter
66.7%
Panic! At the _____
'I Write Sins Not Tragedies' band
Disco
66.3%
______ Hopper
Actor, 'Speed', 'Easy Rider'
Dennis
64.6%
Afternoon ______
Starland Vocal Band song
Delight
64.3%
______ Hoffman
Actor: 'Tootsie', 'Rain Man'
Dustin
62.6%
Crash Test _______
'Mmm Mmm Mmm Mmm' band
Dummies
62%
Let's Make a ____
Long-running TV game show
Deal
62%
_________ Liaisons
1988 movie, Glenn Close, John Malkovich
Dangerous
61.4%
____'____ Strokes
TV sitcom, Gary Coleman
Diff'rent
61.4%
Pushing _______
Kristin Chenowith 2007-09 TV series
Daisies
60%
Hey There _______
Plain White T's song
Delilah
57.3%
Clue D-word % Correct
When ____ Cry
Prince & the Revolution song
Doves
57.3%
Fats ______
50s Rock & roll pianist, 'Blueberry Hill'
Domino
55.7%
________ Mode
'Enjoy The Silence' band
Depeche
55.3%
The Safety _____
Men Without Hats song
Dance
55%
Three ___ Night
'Joy To The World' band
Dog
54.9%
Say Yes To The _____
TLC reality series
Dress
53.3%
_______ Believer
The Monkees song
Daydream
53.1%
____ Soup
Marx Brothers movie
Duck
52.4%
______ Reynolds
Actress: 'Singin' in the Rain'
Debbie
52.3%
John ______
'Sunshine On My Shoulders' singer
Denver
52.3%
_____ _____
'Hungry Like The Wolf', 'Rio', 'The Reflex'
Duran Duran
52.3%
______ Indemnity
Billy Wilder-directed movie
Double
51.6%
_____ Summer
'Bad Girls', 'Hot Stuff' singer
Donna
49.9%
Sliding _____
Gwyneth Paltrow movie
Doors
48.6%
______ Secrets of the Ya-Ya Sisterhood
Sandra Bullock movie
Divine
48.3%
_______ Abbey
2010 ITV/PBS serial drama
Downton
46.9%
________ Steel
Prolific romance novelist
Danielle
45.3%
____ In The Wind
Song by Kansas
Dust
44.9%
_____ Hall & John Oates
70s/80s music duo
Daryl
41.9%
________ 1963 (Oh, What A Night)
Four Seasons 1976 song
December
41.7%
_____ Winger
Actress: 'Terms of Endearment'
Debra
39.5%
Bobby _____
'Mack the Knife' singer
Darin
37.6%
Teach Me How To ______
Cali Swag District track
Dougie
36.4%
Paradise By The _________ Light
1977 Meat Loaf track
Dashboard
35.9%
High Plains _______
Clint Eastwood western
Drifter
34.9%
_____ Midnight Runners
'Come On Eileen' band
Dexys
34%
_______ Adams
'Hitchhiker's Guide to the Galaxy' author
Douglas
33.9%
_____ and the Dominos
'Layla' band
Derek
33.3%
The Great ________
Charlie Chaplin movie
Dictator
28.2%
_________, The Man Without Fear
Marvel comic book / movie
Daredevil
27.3%
All The Young _____
Mott the Hoople song
Dudes
25.3%
Thomas _____
'She Blinded Me With Science' singer
Dolby
18.7%

From the Vault

Pick the Robin Williams Movie

by beforever

Movies 3m
O Captain! My Captain!
Remove Ads.
Support Sporcle.
Get the best of Sporcle when you Go Orange. This ad-free experience offers more features, more stats, and more fun while also helping to support Sporcle. Thank you for becoming a member.

Show Comments

Extras

Top Quizzes Today


Score Distribution

Your Account Isn't Verified!

In order to create a playlist on Sporcle, you need to verify the email address you used during registration. Go to your Sporcle Settings to finish the process.

Report this User

Report this user for behavior that violates our Community Guidelines.

Details: